ბათუმის შოთა რუსთაველის სახელმწიფო უნივერსიტეტის ბიბლიოთეკა

ძველი ბერძნული ენა (ბიბ.ჩანაწერი № 34726)

000 -LEADER
fixed length control field 01139nam a2200241Ia 4500
001 - CONTROL NUMBER
control field 513
003 - CONTROL NUMBER IDENTIFIER
control field GE_BSU
008 - FIXED-LENGTH DATA ELEMENTS--GENERAL INFORMATION
fixed length control field 181216s||||||||xx |||||||||||||| ||und||
020 ## - INTERNATIONAL STANDARD BOOK NUMBER
International Standard Book Number 9789941401636
040 ## - CATALOGING SOURCE
Transcribing agency GE_BSU
080 ## - UNIVERSAL DECIMAL CLASSIFICATION NUMBER
Universal Decimal Classification number 811.353.1=811.14'02
245 ## - TITLE STATEMENT
Title ძველი ბერძნული ენა
245 ## - TITLE STATEMENT
Remainder of title საკითხავი ტექსტები და სავარჯიშოები. ძველბერძნულ-ქართული ლექსიკონი. ქართულ-ბერძნული ლექსიკონი. ივ. ჯავახიშვილის სახ. თბილისის სახ. უნ-ტი
245 ## - TITLE STATEMENT
Statement of responsibility, etc. შემდგ. აბესაძე ქეთევან
260 ## - PUBLICATION, DISTRIBUTION, ETC.
Place of publication, distribution, etc. თბილისი
260 ## - PUBLICATION, DISTRIBUTION, ETC.
Date of publication, distribution, etc. 2009
300 ## - PHYSICAL DESCRIPTION
Extent 198 გვ.
653 ## - INDEX TERM--UNCONTROLLED
Uncontrolled term ქართულ-ბერძნული ლექსიკონი
653 ## - INDEX TERM--UNCONTROLLED
Uncontrolled term ძველბერძნულ-ქართული ლექსიკონი
653 ## - INDEX TERM--UNCONTROLLED
Uncontrolled term ძველი ბერძნული ენა
942 ## - ADDED ENTRY ELEMENTS (KOHA)
Koha item type წიგნი
ეგზემპლარები
Withdrawn status Lost status Damaged status Not for loan Date acquired Barcode Date last seen Price effective from Koha item type Public note
        2018-12-17 301 2018-12-17 2018-12-17 წიგნი საცავიი
        2018-12-17 302 2018-12-17 2018-12-17 წიგნი საცავი
        2018-12-17 303 2018-12-17 2018-12-17 წიგნი საცავი
        2018-12-17 304 2018-12-17 2018-12-17 წიგნი საცავი
        2018-12-17 305 2018-12-17 2018-12-17 წიგნი საცავი
        2018-12-17 306 2018-12-17 2018-12-17 წიგნი საცავი
        2018-12-17 307 2018-12-17 2018-12-17 წიგნი საცავი
        2018-12-17 308 2018-12-17 2018-12-17 წიგნი საცავი
        2018-12-17 309 2018-12-17 2018-12-17 წიგნი საცავი
        2018-12-17 310 2018-12-17 2018-12-17 წიგნი საცავი
        2018-12-17 2366 2018-12-17 2018-12-17 წიგნი საცავი
        2018-12-17 2367 2018-12-17 2018-12-17 წიგნი საცავი
        2018-12-17 2368 2018-12-17 2018-12-17 წიგნი საცავი
        2018-12-17 2369 2018-12-17 2018-12-17 წიგნი საცავი
        2018-12-17 2370 2018-12-17 2018-12-17 წიგნი საცავი
        2018-12-17 2371 2018-12-17 2018-12-17 წიგნი საცავი
        2018-12-17 2372 2018-12-17 2018-12-17 წიგნი საცავი
        2018-12-17 2373 2018-12-17 2018-12-17 წიგნი საცავი
        2018-12-17 2374 2018-12-17 2018-12-17 წიგნი საცავი
        2018-12-17 2375 2018-12-17 2018-12-17 წიგნი საცავი